000 00289nam a22001337a 4500
003 SGT
082 _a617.7
_bP96M
100 _aMILLER, STEPHEN J H
245 _aPARSON'S DISEASES OF THE EYE
250 _a18TH
260 _aNEWYORK
_bCHURCHILL
_c1996
300 _a442
942 _2ddc
_cBK
999 _c14007
_d14007